Dutch Football Legends Quiz #1 - Statistics

General Stats
  • This quiz has been taken 105 times
  • The average score is 13 of 16
Answer Stats
Picture Answer % Correct
Johan Cruyff
100%
Ruud Gullit
98%
Arjen Robben
97%
Marco van Basten
96%
Robin van Persie
96%
Edwin van der Sar
92%
Virgil van Dijk
92%
Ruud van Nistelrooy
88%
Ronald Koeman
86%
Edgar Davids
84%
Patrick Kluivert
84%
Wesley Sneijder
83%
Dirk Kuyt
80%
Clarence Seedorf
76%
Maarten Stekelenburg
48%
Hans van Breukelen
29%
No matching quizzes found
Score Distribution
Percent of People with Each Score
Percentile by Number Answered
Your Score History
You have not taken this quiz